000 00954nas a2200313 4500
001 BR2016001988
003 BR-BrBNA
005 20231205130321.0
007 ta
008 230509b bl.|||p| |||| 00| 00por d
040 _aBR-BrBNA
_bpor
_cBiblioteca Nacional de Agricultura
041 _a(Pt)
072 _aL40
100 1 _aSilva, F.V.
100 1 _aSoares, F.D.S.
100 1 _aOliveira, L.L.S.
100 1 _aToral, F.L.B.
100 1 _aReis, S.T.
100 1 _aAlves, D.D.
100 1 _aRocha Júnior, V.R.
100 1 _aGomes, R.R.R.
245 1 _aComponentes principais das características de carcaças de bovinos anelorados e fontes de variação em lesões
650 _aBOVINO
650 _aCARCAÇA
650 _aANATOMIA ANIMAL
773 0 _tPesquisa Veterinária Brasileira (Brazil)
_xISSN 0100-736X
_g(Feb 2015), v. 35(2) p. 148-152
_wBR2016001988
909 _a202311
_bLúcia
_c55
_dLúcia Elande
942 _2AGRIS
_n0
_cANA
999 _c248817
_d248817